00813nam a2200217 a 450000100060000000300080000600500170001400800410003103500190007204000310009104100080012208200240013010000390015424501940019325000330038726000370042030000340045765000300049165100300052170000440055155641BD-RjUL20211209080308.0210309s1957 ii a b 001 0 eng  a(BD-RjUL)55765 aDLCbengcBD-RjULdBD-RjUL aeng 223a387.2bMOI 19571 aMookerji, Radha Kumud,d1884-1964.10aIndian shipping :ba history of the sea-borne trade and maritime activity of the Indians from the earliest times /cby Radha Kumud Mookerji ; with an introductory note by Brajendranath Seal a2nd ed. (revised) , Ind. ed. aBombay :bOrient Longmans,c1957 axxiv, 206 p.:bill. ;c26 cm. 0aShippingzIndiaxHistory. 0aIndiaxCommercexHistory. aSeal, Brajendranath, introductory note